00362nam a2200133Ia 4500008004100000041000800041082001700049100001900066245004500085250001400130260004400144300003300188365000700221240624s9999 xx 000 0 und d aeng a658.8342 KAR aKARDES FRANK R aCONSUMER BEHAVIOUR AND MANAGERIAL DECISI a(2nd ed.) c2003aNew DelhibPrentice-Hall of India axviii, : 457 : p. : cm. ; 24 cRS